[Event "World Youth U-16 Olympiad 2018"]
[Site "Konya"]
[Date "2018.12.01"]
[Round "8"]
[White "Katkov, Michelle"]
[Black "Boyer, Mahel"]
[Result "0-1"]
[WhiteElo "1887"]
[BlackElo "2226"]
[Annotator "NA"]
[PlyCount "120"]
[EventDate "2018.11.25"]
[EventType "team-tourn"]
[EventCountry "TUR"]
[SourceTitle "playchess.com"]
[Source "ChessBase"]
[SourceQuality "1"]
[WhiteTeam "Israel"]
[BlackTeam "France"]
[WhiteTeamCountry "ISR"]
[BlackTeamCountry "FRA"]

1. e4 e5 2. Nf3 d6 3. Bc4 Be7 4. Nc3 Nf6 5. d3 O-O 6. h3 c6 7. Bb3 Nbd7 8. O-O Nc5 9. Ne2 a5 10. c3 Nxb3 11. axb3 Re8 12. Ng3 Bf8 13. Re1 h6 14. Bd2 Be6 15. c4 Nd7 16. d4 exd4 17. Nxd4 Nc5 18. Qf3 Bd7 19. Ngf5 b6 20. Qg4 Kh7 21. Qf3 Ne6 22. Bc3 Ng5 23. Qf4 c5 24. Nc2 Bc6 25. f3 Ne6 26. Qg3 g6 27. Nfe3 h5 28. Nd5 Bxd5 29. exd5 Ng7 30. Ne3 Be7 31. Bxg7 Bh4 32. Qf4 Bg5 33. Qg3 Bxe3+ 34. Rxe3 Rxe3 35. Qf4 Kxg7 36. Qxe3 Qe8 37. Re1 Qxe3+ 38. Rxe3 Kf6 39. Kf2 Rb8 40. Re2 b5 41. Ke3 bxc4 42. bxc4 Rb3+ 43. Ke4 Kg5 44. f4+ Kh4 45. f5 Kg5 46. Rf2 Rb4 47. Kd3 gxf5 48. Kc3 a4 49. Re2 Rb3+ 50. Kc2 Rg3 51. Re8 Rxg2+ 52. Kb1 Kh4 53. Re7 f4 54. Rxf7 Kg3 55. Rg7+ Kxh3 56. Rf7 Kg3 57. Rg7+ Kf2 58. Rh7 f3 59. Rh6 Kg1 60. Rxd6 f2 0-1

[Event "World Youth U-16 Olympiad 2018"]
[Site "Konya"]
[Date "2018.12.01"]
[Round "8"]
[White "Prasitsoonthorn, Teerachoti"]
[Black "Oflaz, Avni"]
[Result "1-0"]
[WhiteElo "1849"]
[BlackElo "1361"]
[Annotator "NA"]
[PlyCount "55"]
[EventDate "2018.11.25"]
[EventType "team-tourn"]
[EventCountry "TUR"]
[SourceTitle "playchess.com"]
[Source "ChessBase"]
[SourceQuality "1"]
[WhiteTeam "Thailand"]
[BlackTeam "Turkey"]
[WhiteTeamCountry "THA"]
[BlackTeamCountry "TUR"]

1. e4 e5 2. Nf3 Nc6 3. Bc4 Bc5 4. O-O Nf6 5. d4 Bxd4 6. Nxd4 Nxd4 7. f4 Nc6 8. Bxf7+ Kxf7 9. fxe5 Nxe5 10. Qd5+ Ke8 11. Qxe5+ Qe7 12. Qxc7 Qxe4 13. Nc3 Qc6 14. Re1+ Kf7 15. Qg3 b6 16. Bg5 Rg8 17. Bxf6 gxf6 18. Re7+ Kxe7 19. Qxg8 Bb7 20. Re1+ Kd6 21. Qg3+ Kc5 22. Qe3+ Kb4 23. a3+ Ka5 24. b4+ Ka6 25. b5+ Qxb5 26. Nxb5 Kxb5 27. a4+ Kxa4 28. Qb3+ 1-0

[Event "World Youth U-16 Olympiad 2018"]
[Site "Konya"]
[Date "2018.12.01"]
[Round "8"]
[White "Cui, Cynthia"]
[Black "Kistrup, Nicolai"]
[Result "1-0"]
[WhiteElo "1848"]
[BlackElo "2089"]
[Annotator "NA"]
[PlyCount "87"]
[EventDate "2018.11.25"]
[EventType "team-tourn"]
[EventCountry "TUR"]
[SourceTitle "playchess.com"]
[Source "ChessBase"]
[SourceQuality "1"]
[WhiteTeam "Canada"]
[BlackTeam "Denmark"]
[WhiteTeamCountry "CAN"]
[BlackTeamCountry "DEN"]

1. c4 c5 2. g3 g6 3. Bg2 Bg7 4. Nc3 Nc6 5. Nf3 e6 6. O-O Nge7 7. d3 d5 8. Bg5 h6 9. Bd2 d4 10. Na4 b6 11. a3 Qd6 12. Rb1 Bd7 13. b4 Rc8 14. b5 Nd8 15. Nb2 e5 16. a4 f5 17. a5 g5 18. axb6 axb6 19. Ne1 Qg6 20. e3 h5 21. exd4 cxd4 22. Qe2 g4 23. f4 h4 24. fxe5 hxg3 25. hxg3 Ne6 26. Kf2 f4 27. Bxf4 Nxf4 28. gxf4 Qh5 29. Nc2 Qh4+ 30. Kg1 g3 31. Be4 Bf5 32. Qg2 Bxe4 33. dxe4 Ng6 34. Nd3 Rxc4 35. Ncb4 Bh6 36. Nd5 Bxf4 37. N3xf4 Rc2 38. Qh3 Qxh3 39. Nxh3 Rxh3 40. Ra1 Nxe5 41. Ra8+ Kd7 42. Ra7+ Ke8 43. Re7+ Kd8 44. Rf8# 1-0

[Event "World Youth U-16 Olympiad 2018"]
[Site "Konya"]
[Date "2018.12.01"]
[Round "8"]
[White "Cheikh-Boukal, Ziyad"]
[Black "Mhango, Banele"]
[Result "0-1"]
[WhiteElo "1830"]
[BlackElo "1828"]
[Annotator "NA"]
[PlyCount "55"]
[EventDate "2018.11.25"]
[EventType "team-tourn"]
[EventCountry "TUR"]
[SourceTitle "playchess.com"]
[Source "ChessBase"]
[SourceQuality "1"]
[WhiteTeam "Algeria"]
[BlackTeam "South Africa"]
[WhiteTeamCountry "ALG"]
[BlackTeamCountry "RSA"]

1. d4 Nf6 2. f3 c5 3. d5 e6 4. Nc3 d6 5. e4 e5 6. Bd3 a6 7. a4 g6 8. Nge2 Qc7 9. Bc4 Bg7 10. O-O O-O 11. Kh1 h5 12. Qe1 Nh7 13. Qg3 Qe7 14. f4 h4 15. Qf3 exf4 16. Bxf4 Nd7 17. h3 Ne5 18. Bxe5 Bxe5 19. Rae1 Bd7 20. a5 Nf6 21. Nd1 Nh5 22. Ne3 Qg5 23. c3 Bg3 24. Ra1 Rae8 25. Ng4 f5 26. exf5 gxf5 27. Nh2 Re3 28. Ng1 0-1

[Event "World Youth U-16 Olympiad 2018"]
[Site "Konya"]
[Date "2018.12.01"]
[Round "8"]
[White "Lopez Sanchez, Anastacia Antonia"]
[Black "Anacoglu, Cisel"]
[Result "0-1"]
[WhiteElo "1734"]
[BlackElo "1866"]
[Annotator "NA"]
[PlyCount "80"]
[EventDate "2018.11.25"]
[EventType "team-tourn"]
[EventCountry "TUR"]
[SourceTitle "playchess.com"]
[Source "ChessBase"]
[SourceQuality "1"]
[WhiteTeam "Mexico"]
[BlackTeam "Turkey"]
[WhiteTeamCountry "MEX"]
[BlackTeamCountry "TUR"]

1. d4 Nf6 2. g3 g6 3. Bg2 Bg7 4. Nh3 d6 5. f3 Nbd7 6. c3 O-O 7. Nf2 e5 8. O-O c6 9. e4 d5 10. Bg5 Qb6 11. Qd2 Nh5 12. exd5 exd4 13. dxc6 bxc6 14. g4 dxc3 15. Nxc3 Nhf6 16. b3 Ba6 17. Rfd1 Nc5 18. Be3 Rfd8 19. Qc2 Qa5 20. Rac1 Ne6 21. f4 Nd5 22. Nxd5 cxd5 23. f5 Rac8 24. Qb1 Rxc1 25. Qxc1 Nf8 26. Qb1 d4 27. Bd2 Qb6 28. Nd3 Nd7 29. Bg5 Re8 30. fxg6 hxg6 31. Qc1 Ne5 32. Nxe5 Bxe5 33. Kh1 Be2 34. Re1 Bxg4 35. Qc4 Qe6 36. Bd5 Qd7 37. Bc6 Qf5 38. Bxe8 Bf3+ 39. Kg1 Qxg5+ 40. Kf2 Qg2# 0-1

[Event "World Youth U-16 Olympiad 2018"]
[Site "Konya"]
[Date "2018.12.01"]
[Round "8"]
[White "Pecorini, Angie"]
[Black "Aydin, Gulenay"]
[Result "0-1"]
[WhiteElo "1728"]
[BlackElo "1737"]
[Annotator "NA"]
[PlyCount "52"]
[EventDate "2018.11.25"]
[EventType "team-tourn"]
[EventCountry "TUR"]
[SourceTitle "playchess.com"]
[Source "ChessBase"]
[SourceQuality "1"]
[WhiteTeam "Switzerland"]
[BlackTeam "Turkey"]
[WhiteTeamCountry "SUI"]
[BlackTeamCountry "TUR"]

1. d4 Nf6 2. c4 g6 3. Nc3 Bg7 4. e4 d6 5. Nf3 O-O 6. Be2 Bg4 7. Be3 c5 8. d5 e6 9. O-O Na6 10. Ne1 Bxe2 11. Qxe2 exd5 12. cxd5 Nc7 13. f3 a6 14. a4 Rb8 15. a5 b5 16. axb6 Rxb6 17. Nd3 Nd7 18. Qd2 Qb8 19. Kh1 Rb7 20. Ra2 Nb6 21. Nxc5 Nc4 22. Qd3 Nxb2 23. Rxb2 Rxb2 24. Nd7 Qb3 25. Nxf8 Kxf8 26. f4 Qxc3 0-1

[Event "World Youth U-16 Olympiad 2018"]
[Site "Konya"]
[Date "2018.12.01"]
[Round "8"]
[White "Benrekia, Yacine"]
[Black "Dhevcharran, Kahill"]
[Result "0-1"]
[WhiteElo "1689"]
[BlackElo "1561"]
[Annotator "NA"]
[PlyCount "138"]
[EventDate "2018.11.25"]
[EventType "team-tourn"]
[EventCountry "TUR"]
[SourceTitle "playchess.com"]
[Source "ChessBase"]
[SourceQuality "1"]
[WhiteTeam "Algeria"]
[BlackTeam "South Africa"]
[WhiteTeamCountry "ALG"]
[BlackTeamCountry "RSA"]

1. e4 c5 2. Nf3 Nc6 3. d4 cxd4 4. Nxd4 g6 5. c4 Bg7 6. Be3 Nf6 7. Nc3 O-O 8. Be2 d6 9. O-O Bd7 10. Qd2 Nxd4 11. Bxd4 Bc6 12. f3 a5 13. b3 Nd7 14. Bxg7 Kxg7 15. Rab1 Nc5 16. Kh1 Qb6 17. Qd4+ Kg8 18. f4 Na4 19. Qxb6 Nxb6 20. Nd5 Bxd5 21. exd5 Nd7 22. Rfe1 Rfe8 23. g4 h6 24. Kg2 Nc5 25. Bf1 g5 26. fxg5 hxg5 27. Rb2 Nd7 28. Re3 Ne5 29. Bd3 Kg7 30. Bf5 b6 31. h3 Ra7 32. Rc2 Rc7 33. Rd2 Ra8 34. Re1 a4 35. Rb1 axb3 36. axb3 b5 37. cxb5 Rb7 38. Bd3 Nxd3 39. Rxd3 Rxb5 40. Re1 Ra7 41. Kg3 Kf8 42. h4 gxh4+ 43. Kxh4 Ra3 44. Rb1 Rb4 45. Kg3 Kg7 46. Re1 Rbxb3 47. Rxb3 Rxb3+ 48. Kf4 Kf8 49. Ra1 Rb4+ 50. Kf3 Rd4 51. Ra5 Kg7 52. Kg3 Kg6 53. Ra7 Kf6 54. g5+ Kxg5 55. Rxe7 Kf6 56. Ra7 Rxd5 57. Kf4 Ke6 58. Ke4 f5+ 59. Ke3 Re5+ 60. Kd4 Re4+ 61. Kd3 d5 62. Ra1 f4 63. Rh1 f3 64. Rh6+ Ke5 65. Rh5+ Kf4 66. Rh8 f2 67. Rf8+ Kg3 68. Kd2 Rf4 69. Rg8+ Kf3 0-1

[Event "World Youth U-16 Olympiad 2018"]
[Site "Konya"]
[Date "2018.12.01"]
[Round "8"]
[White "Modi, Sonia"]
[Black "Zane, Rayane"]
[Result "1-0"]
[WhiteElo "1588"]
[BlackElo "1767"]
[Annotator "NA"]
[PlyCount "145"]
[EventDate "2018.11.25"]
[EventType "team-tourn"]
[EventCountry "TUR"]
[SourceTitle "playchess.com"]
[Source "ChessBase"]
[SourceQuality "1"]
[WhiteTeam "South Africa"]
[BlackTeam "Algeria"]
[WhiteTeamCountry "RSA"]
[BlackTeamCountry "ALG"]

1. c4 e5 2. g3 Nf6 3. Bg2 c6 4. Nc3 g6 5. e3 Bg7 6. Nge2 O-O 7. O-O Na6 8. Rb1 Nc7 9. f4 d6 10. b3 Re8 11. e4 exf4 12. Nxf4 Ne6 13. d4 Nxf4 14. Bxf4 Nh5 15. Be3 f5 16. Qd3 Nf6 17. Rbe1 Ng4 18. Bf4 Qb6 19. Rd1 c5 20. Na4 Bxd4+ 21. Qxd4 cxd4 22. Nxb6 axb6 23. Rxd4 Rxa2 24. h3 Nf6 25. exf5 Bxf5 26. Rxd6 Be4 27. Bxe4 Nxe4 28. Rxb6 Nc3 29. Rf2 Ne2+ 30. Kf1 Ra1+ 31. Kg2 Rg1+ 32. Kh2 Nxf4 33. Rxf4 Ree1 34. h4 Rh1+ 35. Kg2 Reg1+ 36. Kf3 Rh3 37. Rg4 Rf1+ 38. Ke2 Rf7 39. b4 Kf8 40. Ke3 Ke8 41. Rd6 Ke7 42. c5 Ke8 43. Ke4 Rh1 44. Rf4 Re1+ 45. Kf3 Rfe7 46. Rfd4 Rf1+ 47. Kg4 Rf5 48. Rd8+ Kf7 49. Rf4 h5+ 50. Kf3 Ke6 51. Rd6+ Kf7 52. Rxf5+ gxf5 53. Rb6 Ke8 54. Kf4 Rf7 55. Kg5 Rg7+ 56. Rg6 Rf7 57. Kxh5 f4 58. gxf4 Rxf4 59. Rb6 Rf7 60. Kg6 Re7 61. h5 Kf8 62. h6 Kg8 63. Rd6 Re8 64. b5 Rc8 65. c6 bxc6 66. bxc6 Kf8 67. h7 Ke7 68. Rd7+ Ke6 69. Rd3 Ke5 70. c7 Ke6 71. Rd8 Rxc7 72. h8=Q Rg7+ 73. Kxg7 1-0

[Event "World Youth U-16 Olympiad 2018"]
[Site "Konya"]
[Date "2018.12.01"]
[Round "8"]
[White "Kerimkulov, Omurbek"]
[Black "Aubakirov, Shyngys"]
[Result "1-0"]
[WhiteElo "1557"]
[BlackElo "1546"]
[Annotator "NA"]
[PlyCount "93"]
[EventDate "2018.11.25"]
[EventType "team-tourn"]
[EventCountry "TUR"]
[SourceTitle "playchess.com"]
[Source "ChessBase"]
[SourceQuality "1"]
[WhiteTeam "Kyrgyzstan"]
[BlackTeam "Kazakhstan"]
[WhiteTeamCountry "KGZ"]
[BlackTeamCountry "KAZ"]

1. e4 c5 2. Nf3 Nc6 3. Bb5 g6 4. Bxc6 bxc6 5. O-O Bg7 6. c3 Nf6 7. Re1 O-O 8. d4 cxd4 9. cxd4 d5 10. e5 Ne4 11. Nc3 Nxc3 12. bxc3 Ba6 13. Bf4 Qa5 14. Qd2 Rad8 15. Bh6 c5 16. Bxg7 Kxg7 17. h4 cxd4 18. Qxd4 Qb6 19. e6+ Qxd4 20. Nxd4 Rd6 21. exf7 Kxf7 22. Re5 e6 23. Rae1 Re8 24. h5 Rb6 25. Nf3 Bc8 26. Ng5+ Kg7 27. Rxd5 exd5 28. Rxe8 Bf5 29. hxg6 Kxg6 30. Rg8+ Kf6 31. Nf3 Be4 32. Nd4 Ra6 33. Rf8+ Ke7 34. Ra8 Rxa2 35. Nc6+ Kd6 36. Nxa7 Ke6 37. f3 Bg6 38. Kh2 Bd3 39. Kg1 Ra1+ 40. Kf2 Kf7 41. Ke3 Bb5 42. Rb8 Rxa7 43. Rxb5 Rd7 44. Kd4 Ke6 45. g4 Rf7 46. Rb6+ Ke7 47. Rb7+ 1-0

[Event "World Youth U-16 Olympiad 2018"]
[Site "Konya"]
[Date "2018.12.01"]
[Round "8"]
[White "Iskakbaev, Ibraim"]
[Black "Orozbaev, Eldiar"]
[Result "1/2-1/2"]
[WhiteElo "1522"]
[BlackElo "1785"]
[Annotator "NA"]
[PlyCount "116"]
[EventDate "2018.11.25"]
[EventType "team-tourn"]
[EventCountry "TUR"]
[SourceTitle "playchess.com"]
[Source "ChessBase"]
[SourceQuality "1"]
[WhiteTeam "Kazakhstan"]
[BlackTeam "Kyrgyzstan"]
[WhiteTeamCountry "KAZ"]
[BlackTeamCountry "KGZ"]

1. d4 d5 2. Nf3 Nf6 3. g3 g6 4. Bg2 Bg7 5. O-O O-O 6. c4 c6 7. Nc3 Re8 8. b3 a6 9. Re1 b5 10. Ne5 Bb7 11. cxb5 cxb5 12. e3 Nbd7 13. Bb2 e6 14. Nd3 Rc8 15. Rc1 Qb6 16. Qe2 a5 17. a3 Ne4 18. Red1 Bf8 19. Nxe4 dxe4 20. Nf4 Bd5 21. Nxd5 exd5 22. Bh3 Qb7 23. Bf1 Rb8 24. Rc2 a4 25. Rdc1 Bd6 26. Rc6 Re6 27. Qc2 Rbe8 28. bxa4 bxa4 29. Ba6 Qb8 30. Bc8 R6e7 31. Bxd7 Rxd7 32. Rc8 Rxc8 33. Qxc8+ Rd8 34. Qxb8 Rxb8 35. Rc2 Rb3 36. Rc6 Bf8 37. Bc1 Bxa3 38. Bxa3 Rxa3 39. Rc5 Ra1+ 40. Kg2 a3 41. Rxd5 Kf8 42. Ra5 Ke7 43. Ra7+ Ke6 44. Kh3 h5 45. g4 hxg4+ 46. Kxg4 a2 47. Kf4 f5 48. Ra6+ Kd5 49. Ra4 Ke6 50. Ra6+ Kd5 51. Ra4 Kc6 52. Ke5 Kb5 53. Ra8 Kc4 54. d5 Rd1 55. Rxa2 Rxd5+ 56. Kf6 Rd6+ 57. Kg5 Kd3 58. h4 Rb6 1/2-1/2

[Event "World Youth U-16 Olympiad 2018"]
[Site "Konya"]
[Date "2018.12.01"]
[Round "8"]
[White "Kayan, Yasar Efe"]
[Black "Pheephacharakan, Pinatpong"]
[Result "0-1"]
[WhiteElo "1515"]
[BlackElo "1892"]
[Annotator "NA"]
[PlyCount "136"]
[EventDate "2018.11.25"]
[EventType "team-tourn"]
[EventCountry "TUR"]
[SourceTitle "playchess.com"]
[Source "ChessBase"]
[SourceQuality "1"]
[WhiteTeam "Turkey"]
[BlackTeam "Thailand"]
[WhiteTeamCountry "TUR"]
[BlackTeamCountry "THA"]

1. e4 e6 2. Nc3 d5 3. d4 Nf6 4. e5 Nfd7 5. f4 c5 6. Nf3 Nc6 7. Be3 Be7 8. g3 a6 9. Bg2 b5 10. O-O Qb6 11. Ne2 cxd4 12. Nexd4 Bc5 13. c3 b4 14. Bf2 a5 15. Qa4 Bb7 16. Nb5 Bxf2+ 17. Rxf2 Nc5 18. Nd6+ Ke7 19. Qb5 Qxb5 20. Nxb5 Ne4 21. Rc2 Rhc8 22. Nh4 Ba6 23. Bxe4 Bxb5 24. Bf3 Nd4 25. Rcc1 Ne2+ 26. Bxe2 Bxe2 27. Kf2 Bg4 28. Nf3 Bxf3 29. Kxf3 bxc3 30. bxc3 Rab8 31. Rc2 a4 32. Ke3 Rc4 33. Rd1 Re4+ 34. Kd3 f6 35. exf6+ gxf6 36. c4 Rxc4 37. Rxc4 dxc4+ 38. Kxc4 Rb2 39. h4 Rxa2 40. Rd3 Kf7 41. Kb4 h5 42. f5 exf5 43. Re3 Ra1 44. Re2 a3 45. Re3 f4 46. gxf4 Rf1 47. Kxa3 Rxf4 48. Rh3 Kg6 49. Kb2 Kf5 50. Kc1 Kg4 51. Rh1 Rd4 52. Rh2 f5 53. Ra2 f4 54. Ra8 Kxh4 55. Rf8 Kg4 56. Rg8+ Kf3 57. Rh8 Rd5 58. Rh7 Kf2 59. Rf7 f3 60. Rf4 Kg3 61. Rf8 f2 62. Rg8+ Kf3 63. Rf8+ Kg2 64. Rg8+ Kf1 65. Rg7 Rd4 66. Rh7 Ke2 67. Re7+ Kf3 68. Rf7+ Rf4 0-1

[Event "World Youth U-16 Olympiad 2018"]
[Site "Konya"]
[Date "2018.12.01"]
[Round "8"]
[White "Boubendir, Nesrine"]
[Black "Briem, Stephan"]
[Result "0-1"]
[WhiteElo "1510"]
[BlackElo "2083"]
[Annotator "NA"]
[PlyCount "75"]
[EventDate "2018.11.25"]
[EventType "team-tourn"]
[EventCountry "TUR"]
[SourceTitle "playchess.com"]
[Source "ChessBase"]
[SourceQuality "1"]
[WhiteTeam "Algeria"]
[BlackTeam "Iceland"]
[WhiteTeamCountry "ALG"]
[BlackTeamCountry "ISL"]

1. e4 c5 2. Nf3 d6 3. d4 cxd4 4. Nxd4 Nf6 5. Nc3 a6 6. Be2 e5 7. Nb3 Be7 8. O-O Be6 9. Be3 O-O 10. f3 Nbd7 11. Kh1 b5 12. a3 Qc7 13. Qd2 Rfd8 14. Nd5 Bxd5 15. exd5 Nb6 16. Bxb6 Qxb6 17. Bd3 a5 18. a4 b4 19. Bb5 g6 20. Rad1 Nh5 21. g3 f5 22. Qd3 Bg5 23. Rde1 Rf8 24. Re2 Ra7 25. Bc6 Bh6 26. Qb5 Qd8 27. Nd2 g5 28. Nc4 g4 29. fxg4 fxg4 30. Rxf8+ Qxf8 31. Re1 Qf3+ 32. Kg1 Rf7 33. Qb6 Nxg3 34. hxg3 Qxg3+ 35. Kh1 Qxe1+ 36. Kg2 Qf1+ 37. Kg3 Rf3+ 38. Kh4 0-1

[Event "World Youth U-16 Olympiad 2018"]
[Site "Konya"]
[Date "2018.12.01"]
[Round "8"]
[White "Moran, Hugh"]
[Black "Chicarosie, Ioana-Bianca"]
[Result "1/2-1/2"]
[WhiteElo "1498"]
[BlackElo "1508"]
[Annotator "NA"]
[PlyCount "85"]
[EventDate "2018.11.25"]
[EventType "team-tourn"]
[EventCountry "TUR"]
[SourceTitle "playchess.com"]
[Source "ChessBase"]
[SourceQuality "1"]
[WhiteTeam "Ireland"]
[BlackTeam "Romania"]
[WhiteTeamCountry "IRL"]
[BlackTeamCountry "ROU"]

1. e4 c5 2. Nf3 Nc6 3. d3 g6 4. Nbd2 Bg7 5. g3 Nf6 6. Bg2 O-O 7. O-O e6 8. Re1 d5 9. c3 b6 10. Qc2 Bb7 11. Nf1 dxe4 12. dxe4 Qc7 13. Bf4 e5 14. Bg5 h6 15. Bxf6 Bxf6 16. Ne3 Ne7 17. Rad1 Rad8 18. Ng4 Bg7 19. h4 Bc8 20. Ne3 Be6 21. h5 g5 22. g4 Bc8 23. Nf5 Bb7 24. Nd2 Rfe8 25. Nc4 Nxf5 26. gxf5 b5 27. Ne3 c4 28. Rxd8 Rxd8 29. Rd1 f6 30. Rd2 Bf8 31. Qd1 Be7 32. Nd5 Bxd5 33. Rxd5 a6 34. a4 Rd6 35. Rxd6 Qxd6 36. Qxd6 Bxd6 37. Bf1 Kf8 38. Kg2 Ke7 39. axb5 axb5 40. Kf3 Bc5 41. Be2 Kd6 42. Bd1 Kc6 43. b4 1/2-1/2

[Event "World Youth U-16 Olympiad 2018"]
[Site "Konya"]
[Date "2018.12.01"]
[Round "8"]
[White "Igisinova, Liya"]
[Black "Kadyrkulov, Saiid"]
[Result "1-0"]
[WhiteElo "1482"]
[BlackElo "1325"]
[Annotator "NA"]
[PlyCount "85"]
[EventDate "2018.11.25"]
[EventType "team-tourn"]
[EventCountry "TUR"]
[SourceTitle "playchess.com"]
[Source "ChessBase"]
[SourceQuality "1"]
[WhiteTeam "Kazakhstan"]
[BlackTeam "Kyrgyzstan"]
[WhiteTeamCountry "KAZ"]
[BlackTeamCountry "KGZ"]

1. d4 Nf6 2. Nf3 g6 3. g3 Bg7 4. Bg2 O-O 5. O-O d6 6. c4 Nbd7 7. Nc3 a6 8. b3 c5 9. Bb2 Rb8 10. a4 cxd4 11. Nxd4 Nc5 12. Re1 Bd7 13. e4 Qc8 14. Qc2 Bh3 15. Rad1 Bxg2 16. Kxg2 Nh5 17. Nd5 Re8 18. Nf3 Qg4 19. h3 Qc8 20. Bxg7 Nxg7 21. e5 Kh8 22. Ng5 Qc6 23. Nxf7+ Kg8 24. Nh6+ Kh8 25. Kg1 dxe5 26. Rxe5 Nce6 27. Qb2 Rbd8 28. Rde1 Rd6 29. Nf7+ Kg8 30. Nxd6 Qxd6 31. b4 b6 32. Qc3 Rc8 33. Qe3 Rxc4 34. Nxb6 Rc6 35. Nd5 Nf5 36. Qa7 Ned4 37. Kg2 Rc2 38. Nxe7+ Nxe7 39. Qxe7 Qc6+ 40. R5e4 Qc3 41. Qd8+ Kg7 42. Qxd4+ Qxd4 43. Rxd4 1-0

[Event "World Youth U-16 Olympiad 2018"]
[Site "Konya"]
[Date "2018.12.01"]
[Round "8"]
[White "Mairambekova, Aiperi"]
[Black "Karibaev, Dimash"]
[Result "1/2-1/2"]
[WhiteElo "1467"]
[BlackElo "1460"]
[Annotator "NA"]
[PlyCount "86"]
[EventDate "2018.11.25"]
[EventType "team-tourn"]
[EventCountry "TUR"]
[SourceTitle "playchess.com"]
[Source "ChessBase"]
[SourceQuality "1"]
[WhiteTeam "Kyrgyzstan"]
[BlackTeam "Kazakhstan"]
[WhiteTeamCountry "KGZ"]
[BlackTeamCountry "KAZ"]

1. e4 e6 2. d3 d5 3. Nd2 Nf6 4. Ngf3 Bc5 5. e5 Ng4 6. d4 Be7 7. Bd3 c5 8. c3 Qb6 9. Bc2 Nc6 10. Ba4 Bd7 11. Bxc6 bxc6 12. O-O cxd4 13. cxd4 c5 14. h3 Nh6 15. Nb3 Nf5 16. dxc5 Bxc5 17. Nxc5 Qxc5 18. a3 Rc8 19. Bd2 Qb6 20. b4 Rc4 21. Rc1 Bb5 22. Re1 O-O 23. a4 Rxc1 24. Bxc1 Bc4 25. Ba3 Rc8 26. a5 Qb7 27. Nd4 Nxd4 28. Qxd4 Bb5 29. Rc1 Rxc1+ 30. Bxc1 Qc6 31. Be3 a6 32. Qg4 Qc4 33. Qxc4 dxc4 34. Bd4 Kf8 35. f4 Ke7 36. Kf2 Kd7 37. Ke3 Kc6 38. Ke4 h5 39. g3 Ba4 40. Bc3 Kb5 41. Kd4 Bc2 42. Be1 Bf5 43. h4 g6 1/2-1/2

[Event "World Youth U-16 Olympiad 2018"]
[Site "Konya"]
[Date "2018.12.01"]
[Round "8"]
[White "Coicev, Matei-Andrei"]
[Black "Tempany, Max"]
[Result "0-1"]
[WhiteElo "1462"]
[BlackElo "1512"]
[Annotator "NA"]
[PlyCount "130"]
[EventDate "2018.11.25"]
[EventType "team-tourn"]
[EventCountry "TUR"]
[SourceTitle "playchess.com"]
[Source "ChessBase"]
[SourceQuality "1"]
[WhiteTeam "Romania"]
[BlackTeam "Ireland"]
[WhiteTeamCountry "ROU"]
[BlackTeamCountry "IRL"]

1. e4 c5 2. d4 cxd4 3. c3 dxc3 4. Nxc3 Nc6 5. Nf3 e6 6. Bc4 a6 7. O-O b5 8. Bb3 Bb7 9. Qe2 Nge7 10. Bg5 f6 11. Bh4 Ng6 12. Bg3 Be7 13. Nd5 exd5 14. exd5 Na5 15. d6 Nxb3 16. axb3 O-O 17. dxe7 Qxe7 18. Qd2 Rfd8 19. Rac1 Bxf3 20. gxf3 Ne5 21. Qd5+ Qf7 22. Rfd1 Qxd5 23. Rxd5 Nxf3+ 24. Kg2 Ne5 25. Bxe5 fxe5 26. Rxe5 Rac8 27. Rce1 Rc2 28. R1e2 Rxe2 29. Rxe2 Kf7 30. Kf3 Kf6 31. Rd2 d5 32. Ke3 Ke5 33. Rd1 d4+ 34. Kf3 Rd7 35. Rd3 a5 36. h3 Rf7+ 37. Ke2 g5 38. Rg3 h6 39. Kd3 Rxf2 40. Rg4 Rf3+ 41. Kd2 Rxh3 42. Kc2 Rh2+ 43. Kd1 Rxb2 44. Rg3 Ke4 45. Kc1 Rf2 46. b4 a4 47. Kd1 Rf3 48. Rg2 Kf4 49. Rd2 d3 50. Ke1 g4 51. Rh2 Rh3 52. Rd2 Ke3 53. Rf2 Rh1+ 54. Rf1 Rxf1+ 55. Kxf1 Kd2 56. Kf2 Kc1 57. Kg3 d2 58. Kxg4 d1=Q+ 59. Kh3 Qe2 60. Kg3 a3 61. Kh3 a2 62. Kh4 a1=Q 63. Kg3 Qae5+ 64. Kh3 Qf3+ 65. Kh4 Qeg3# 0-1

[Event "World Youth U-16 Olympiad 2018"]
[Site "Konya"]
[Date "2018.12.01"]
[Round "8"]
[White "Chabane, Lina"]
[Black "Heidarsson, Arnar"]
[Result "1-0"]
[WhiteElo "1326"]
[BlackElo "1926"]
[Annotator "NA"]
[PlyCount "55"]
[EventDate "2018.11.25"]
[EventType "team-tourn"]
[EventCountry "TUR"]
[SourceTitle "playchess.com"]
[Source "ChessBase"]
[SourceQuality "1"]
[WhiteTeam "Algeria"]
[BlackTeam "Iceland"]
[WhiteTeamCountry "ALG"]
[BlackTeamCountry "ISL"]

1. e4 c5 2. Nf3 d6 3. d4 cxd4 4. Nxd4 Nf6 5. Nc3 a6 6. f3 e5 7. Nb3 Be6 8. Be3 Be7 9. Qd2 O-O 10. g4 Nbd7 11. O-O-O b5 12. h4 Nb6 13. Na5 Rc8 14. Nb7 Qc7 15. Nxd6 Rcd8 16. Qf2 Na8 17. Nf5 Bb4 18. Bd2 Qa5 19. a3 Nb6 20. Ne7+ Bxe7 21. Nd5 b4 22. Nxe7+ Kh8 23. Bxb4 Rxd1+ 24. Kxd1 Rd8+ 25. Kc1 Qa4 26. Qxb6 Qd7 27. Bxa6 Nxg4 28. Bb5 1-0

[Event "World Youth U-16 Olympiad 2018"]
[Site "Konya"]
[Date "2018.12.01"]
[Round "8"]
[White "Bugdayci, Yuksel"]
[Black "Laohawirapap, Prin"]
[Result "1/2-1/2"]
[WhiteElo "1299"]
[BlackElo "1735"]
[Annotator "NA"]
[PlyCount "92"]
[EventDate "2018.11.25"]
[EventType "team-tourn"]
[EventCountry "TUR"]
[SourceTitle "playchess.com"]
[Source "ChessBase"]
[SourceQuality "1"]
[WhiteTeam "Turkey"]
[BlackTeam "Thailand"]
[WhiteTeamCountry "TUR"]
[BlackTeamCountry "THA"]

1. e4 d5 2. exd5 Nf6 3. d4 Bg4 4. Bb5+ Nbd7 5. f3 Bf5 6. Nc3 a6 7. Bd3 Bxd3 8. Qxd3 Nb6 9. Nge2 Nbxd5 10. Nxd5 Nxd5 11. c3 e6 12. Nf4 Be7 13. Nxd5 Qxd5 14. O-O O-O 15. Qc2 Rfd8 16. Be3 c5 17. dxc5 Bxc5 18. Bxc5 Qxc5+ 19. Qf2 Qxf2+ 20. Rxf2 Rd6 21. Re2 Rad8 22. Kf1 Kf8 23. Rc1 Rd2 24. Rce1 R2d5 25. Re5 Ke7 26. Rxd5 Rxd5 27. Re2 h5 28. Re4 f5 29. Re3 g5 30. h3 e5 31. Ke2 Kf6 32. Rd3 Ke6 33. Rxd5 Kxd5 34. Kd3 b5 35. b3 h4 36. Ke3 a5 37. Kd3 Kc5 38. Ke3 Kd6 39. Kd3 Kd5 40. Ke3 a4 41. Kd3 Kc5 42. Ke3 Kd5 43. Kd3 Kc5 44. Ke3 Kd5 45. Kd3 Kc5 46. Ke3 Kd5 1/2-1/2